Celebrity Gun Show Quiz Stats

 Plays Quiz Updated Jun 8, 2014

Support Sporcle.
Go Orange.
Score 0/20 Timer 05:00
0 Plays Today
% Correct
Michelle Obama
96.3%
Justin Bieber
91.9%
Will Ferrell
89.6%
Mike Tyson
88.1%
Madonna
87.3%
Tiger Woods
86.8%
Miley Cyrus
85%
Paul McCartney
84.2%
Mark Wahlberg
79%
Arnold Schwarzenegger
77%
% Correct
LeBron James
75.6%
Mitt Romney
73.6%
Carrot Top
71%
Hilary Swank
60.6%
Laura Bush
55.7%
Taylor Lautner
54.7%
Nick Jonas
51.1%
Katie Couric
50.7%
Carrie Underwood
48.6%
Joan Jett
43.9%

From the Vault

Dominant Cities

by mcbain

If you happen to live in one of these cities and feel a little cramped it is because most everyone in the state has decided to be your neighbor.
Remove Ads.
Support Sporcle.
Get the best of Sporcle when you Go Orange. This ad-free experience offers more features, more stats, and more fun while also helping to support Sporcle. Thank you for becoming a member.

Show Comments

Extras

Top Quizzes Today


Score Distribution

Your Account Isn't Verified!

In order to create a playlist on Sporcle, you need to verify the email address you used during registration. Go to your Sporcle Settings to finish the process.

Report this User

Report this user for behavior that violates our Community Guidelines.

Details: